[Event "Burladingen-ch U18"]
[Site "Burladingen"]
[Date "2000.01.30"]
[Round "4"]
[White "Adler, Marcus"]
[Black "Reinik, Alexander"]
[Result "0-1"]
[WhiteElo "1008"]
[BlackElo "1134"]
[PlyCount "104"]
[EventDate "2000.01.??"]
[EventType "tourn"]
[EventRounds "5"]
[EventCountry "GER"]
[SourceTitle "EXT 2002"]
[Source "ChessBase"]
[SourceDate "2001.11.25"]
[SourceVersion "1"]
[SourceVersionDate "2001.11.25"]
[SourceQuality "1"]

1. e4 e5 2. Nf3 Nc6 3. Bc4 Bc5 4. 0-0 Nf6 5. d3 h6 6. Nc3 d6 7. h3 0-0 8. Qe2 a6 9. Be3 Bxe3 10. Qxe3 Re8 11. Nd5 Be6 12. Nxf6+ Qxf6 13. Bxe6 Qxe6 14. Rfe1 d5 15. c3 Rad8 16. exd5 Qxd5 17. Re2 Qxd3 18. Qxd3 Rxd3 19. Rae1 f6 20. Rd2 Red8 21. Rxd3 Rxd3 22. Kf1 Na5 23. Re4 b5 24. Ne1 Rd2 25. b4 Nc4 26. Re2 Rd6 27. Nf3 Kf7 28. Ke1 c6 29. Nh4 g6 30. g3 Rd3 31. Rc2 f5 32. Ke2 Rd5 33. Nf3 Kf6 34. Nd2 Rxd2+ 35. Rxd2 Nxd2 36. Kxd2 Ke6 37. Ke3 Kd5 38. f3 g5 39. a3 f4+ 40. gxf4 exf4+ 41. Kd3 h5 42. Kd2 Kc4 43. Kc2 c5 44. bxc5 Kxc5 45. Kd3 Kd5 46. Kd2 Kc4 47. Kc2 a5 48. Kb2 Kd3 49. Kb3 g4 50. hxg4 hxg4 51. fxg4 f3 52. g5 f2 0-1

[Event "Burladingen-ch U18"]
[Site "Burladingen"]
[Date "2000.01.30"]
[Round "5"]
[White "Kull, Simon"]
[Black "Adler, Marcus"]
[Result "1-0"]
[WhiteElo "1660"]
[BlackElo "1000"]
[PlyCount "179"]
[EventDate "2000.01.??"]
[EventType "tourn"]
[EventRounds "5"]
[EventCountry "GER"]
[SourceTitle "EXT 2002"]
[Source "ChessBase"]
[SourceDate "2001.11.25"]
[SourceVersion "1"]
[SourceVersionDate "2001.11.25"]
[SourceQuality "1"]

1. d4 d5 2. c4 c6 3. Nc3 Nf6 4. Bg5 Nbd7 5. e3 e6 6. cxd5 cxd5 7. Bd3 Be7 8. f4 h6 9. Bh4 Nb6 10. h3 Nc4 11. Bxc4 dxc4 12. Qa4+ Bd7 13. Qxc4 Bc6 14. Qe2 Ne4 15. Bxe7 Qxe7 16. Qg4 0-0 17. Nxe4 Bxe4 18. Kf2 Qb4 19. b3 Qd2+ 20. Ne2 Rac8 21. Rhd1 Qa5 22. a3 Qd5 23. b4 Rc2 24. Rdc1 Rfc8 25. Rxc2 Rxc2 26. Rc1 Qa2 27. Rxc2 Qxc2 28. Qh5 b6 29. g4 Bd3 30. g5 hxg5 31. fxg5 Bg6 32. Qf3 Qb2 33. e4 Qc2 34. Ke3 Qb3+ 35. Kf4 Qc4 36. h4 Qc7+ 37. Kg4 Qd7 38. h5 Bh7 39. Kf4 Qc7+ 40. e5 Qe7 41. Qa8+ Qf8 42. Qxa7 Bd3 43. Ng3 Qd8 44. Qb7 Qxd4+ 45. Ne4 Bxe4 46. Qxe4 Qf2+ 47. Kg4 Qg1+ 48. Kf4 Qh2+ 49. Ke3 Qg3+ 50. Kd4 Qxa3 51. Kc4 Qa4 52. g6 Qa6+ 53. Kb3 b5 54. gxf7+ Kxf7 55. Qf4+ Kg8 56. Qd4 Qc6 57. Qd3 Kf8 58. Qd8+ Kf7 59. Qd3 Ke7 60. Kb2 Qg2+ 61. Qc2 Qd5 62. Qc7+ Qd7 63. Qxd7+ Kxd7 64. Kc3 Kc7 65. Kd4 Kc6 66. Ke4 Kd7 67. Kf4 Ke7 68. Kg4 Kf8 69. Kg5 Kf7 70. Kf4 Ke7 71. Kg5 Kf7 72. h6 gxh6+ 73. Kxh6 Kf8 74. Kg6 Ke7 75. Kg7 Ke8 76. Kf6 Kd7 77. Kf7 Kc6 78. Kxe6 Kc7 79. Kf7 Kc6 80. e6 Kd5 81. e7 Kc4 82. e8Q Kxb4 83. Ke6 Ka4 84. Qa8+ Kb4 85. Kd5 Kc3 86. Qa5+ b4 87. Qc5+ Kb3 88. Kd4 Ka3 89. Qa5+ Kb3 90. Kd3 1-0

[Event "Burladingen-ch U18"]
[Site "Burladingen"]
[Date "2000.01.29"]
[Round "2"]
[White "Adler, Marcus"]
[Black "Pfister, Thorsten"]
[Result "1/2-1/2"]
[WhiteElo "1008"]
[BlackElo "1232"]
[PlyCount "48"]
[EventDate "2000.01.??"]
[EventType "tourn"]
[EventRounds "5"]
[EventCountry "GER"]
[SourceTitle "EXT 2002"]
[Source "ChessBase"]
[SourceDate "2001.11.25"]
[SourceVersion "1"]
[SourceVersionDate "2001.11.25"]
[SourceQuality "1"]

1. e4 c5 2. Nc3 d6 3. Bc4 g6 4. d3 Bg7 5. Nf3 Nc6 6. 0-0 e6 7. Bg5 Nge7 8. Rb1 0-0 9. Ne2 a6 10. a3 b5 11. Ba2 Qc7 12. c3 d5 13. exd5 Nxd5 14. Bxd5 exd5 15. h3 Re8 16. d4 Bf5 17. Rc1 c4 18. Nh4 Bd3 19. Re1 Qd7 20. Nf4 Rxe1+ 21. Qxe1 Re8 22. Qd2 h6 23. Nxd3 hxg5 24. Nc5 Qc8 1/2-1/2

[Event "Burladingen-ch U18"]
[Site "Burladingen"]
[Date "2000.01.28"]
[Round "1"]
[White "Bengsch, Bertram"]
[Black "Adler, Marcus"]
[Result "1-0"]
[WhiteElo "1946"]
[BlackElo "1008"]
[PlyCount "97"]
[EventDate "2000.01.??"]
[EventType "tourn"]
[EventRounds "5"]
[EventCountry "GER"]
[SourceTitle "EXT 2002"]
[Source "ChessBase"]
[SourceDate "2001.11.25"]
[SourceVersion "1"]
[SourceVersionDate "2001.11.25"]
[SourceQuality "1"]

1. e4 e5 2. Nf3 Nc6 3. Bb5 d6 4. 0-0 Bg4 5. h3 Bd7 6. c3 Nf6 7. Re1 g6 8. d4 a6 9. Ba4 Bg7 10. Bg5 Na5 11. dxe5 dxe5 12. Nxe5 Bxa4 13. Qxa4+ c6 14. b4 b5 15. Qxa5 Qxa5 16. bxa5 0-0 17. a4 Rac8 18. axb5 cxb5 19. Ra3 Rfe8 20. f4 Nh5 21. Nd3 Nf6 22. Nf2 Rc4 23. Nd2 Ra4 24. Rxa4 bxa4 25. Ra1 Nd7 26. e5 Nc5 27. Nde4 Rd8 28. Nd6 Rb8 29. Nfe4 Nxe4 30. Nxe4 h6 31. Be7 Re8 32. Nf6+ Bxf6 33. Bxf6 Rc8 34. Rxa4 Rxc3 35. Rd4 Rc8 36. Rd8+ Rxd8 37. Bxd8 Kf8 38. Kf2 Ke8 39. Bb6 Kd7 40. Ke3 h5 41. Ke4 Ke6 42. g4 h4 43. f5+ gxf5+ 44. gxf5+ Kd7 45. Kd5 Ke7 46. Bc5+ Kd7 47. e6+ fxe6+ 48. fxe6+ Kd8 49. Kd6 1-0